[Event "Dieren op"]
[Site "Dieren"]
[Date "2005.08.03"]
[Round "8"]
[White "Janssen, Ger"]
[Black "Livshits, Gaby"]
[Result "0-1"]
[WhiteElo "2236"]
[BlackElo "2375"]
[PlyCount "70"]
[EventDate "2005.07.26"]
[EventType "swiss"]
[EventRounds "9"]
[EventCountry "NED"]
[SourceTitle "CBM 107 Extra"]
[Source "ChessBase"]
[SourceDate "2005.09.01"]
[SourceVersion "1"]
[SourceVersionDate "2005.09.01"]
[SourceQuality "1"]

1. c4 c5 2. g3 Nc6 3. Bg2 g6 4. Nc3 Bg7 5. a3 d6 6. Nf3 e6 7. e3 Nge7 8. 0-0 0-0 9. d4 b6 10. b3 Ba6 11. Re1 Rc8 12. Bb2 Na5 13. d5 exd5 14. cxd5 b5 15. Rb1 Qb6 16. e4 Rce8 17. Qc2 Bc8 18. h3 c4 19. b4 Nb3 20. Rbd1 f5 21. e5 f4 22. g4 a6 23. exd6 Nf5 24. Ne4 Ne3 25. fxe3 Bxb2 26. Qxb2 Rxe4 27. Ng5 Rxe3 28. Qf2 Rxe1+ 29. Rxe1 Qxd6 30. Ne4 Qe5 31. d6 f3 32. Bxf3 Nd4 33. Nd2 Nxf3+ 34. Nxf3 Qxd6 35. Qe3 Qg3+ 0-1

[Event "Dieren op"]
[Site "Dieren"]
[Date "2005.08.02"]
[Round "7"]
[White "Neuer, Thomas"]
[Black "Janssen, Ger"]
[Result "0-1"]
[WhiteElo "2089"]
[BlackElo "2236"]
[PlyCount "142"]
[EventDate "2005.07.26"]
[EventType "swiss"]
[EventRounds "9"]
[EventCountry "NED"]
[SourceTitle "CBM 107 Extra"]
[Source "ChessBase"]
[SourceDate "2005.09.01"]
[SourceVersion "1"]
[SourceVersionDate "2005.09.01"]
[SourceQuality "1"]

1. e4 d6 2. d4 Nf6 3. Nc3 g6 4. f4 Bg7 5. Nf3 c5 6. Bb5+ Bd7 7. e5 Ng4 8. Bxd7+ Qxd7 9. d5 dxe5 10. h3 e4 11. Nxe4 Nf6 12. Nxf6+ Bxf6 13. 0-0 0-0 14. c4 Bg7 15. Qb3 b6 16. Be3 e6 17. Rad1 exd5 18. Rxd5 Qe7 19. Re1 Qf6 20. Ne5 Nc6 21. Nd7 Qxb2 22. Nxf8 Rxf8 23. Qxb2 Bxb2 24. Bd2 Rc8 25. Rd7 Kg7 26. g4 h6 27. Kg2 Kf8 28. h4 Bf6 29. Kg3 Rd8 30. Rxd8+ Nxd8 31. f5 g5 32. hxg5 hxg5 33. Kf3 Nc6 34. Ke4 Ke7 35. Rh1 Ne5 36. Bxg5 Nxg4 37. Bxf6+ Kxf6 38. Kf4 Ne5 39. Rh6+ Kg7 40. Kxe5 Kxh6 41. Kf6 b5 42. Kxf7 bxc4 43. f6 c3 44. Ke8 c2 45. f7 c1Q 46. f8Q+ Kg5 47. Qg7+ Kf5 48. Qxa7 Qe3+ 49. Kf8 Qh6+ 50. Kg8 Qe6+ 51. Kh8 Qe5+ 52. Kg8 Ke4 53. Qa4+ Qd4 54. Qc2+ Kd5 55. Qg2+ Kc4 56. Qc2+ Kb5 57. Qb3+ Qb4 58. Qf3 Qc4+ 59. Kh8 Kb4 60. a3+ Ka4 61. Kh7 Qc2+ 62. Kh6 c4 63. Qa8+ Kb3 64. a4 Qd2+ 65. Kh5 c3 66. a5 Qe2+ 67. Kg6 Qd3+ 68. Kg7 c2 69. Qb7+ Ka2 70. Qf7+ Qb3 71. Qf2 Qb2+ 0-1

[Event "Dieren op"]
[Site "Dieren"]
[Date "2005.07.30"]
[Round "5"]
[White "Bloemhard, Rudy"]
[Black "Janssen, Ger"]
[Result "1/2-1/2"]
[WhiteElo "2081"]
[BlackElo "2236"]
[PlyCount "82"]
[EventDate "2005.07.26"]
[EventType "swiss"]
[EventRounds "9"]
[EventCountry "NED"]
[SourceTitle "CBM 107 Extra"]
[Source "ChessBase"]
[SourceDate "2005.09.01"]
[SourceVersion "1"]
[SourceVersionDate "2005.09.01"]
[SourceQuality "1"]

1. e4 d6 2. d4 Nf6 3. Nc3 g6 4. Be3 c6 5. Qd2 b5 6. Bd3 Nbd7 7. Nf3 e5 8. 0-0 Bb7 9. h3 Bg7 10. a4 b4 11. Ne2 a5 12. Rad1 Qe7 13. Ng3 0-0 14. Bh6 Ne8 15. c3 bxc3 16. bxc3 Nc7 17. Bxg7 Kxg7 18. Rb1 Rfb8 19. Nh2 Ne6 20. Ne2 Ba6 21. Bxa6 Rxa6 22. Rxb8 Nxb8 23. Ng4 Nd7 24. Rb1 Ra7 25. Qh6+ Kg8 26. Qe3 Rc7 27. Ng3 Qg5 28. dxe5 Qxe3 29. Nxe3 dxe5 30. Nc4 Ra7 31. f3 Nec5 32. Ra1 f6 33. Nf1 Kf7 34. Nfe3 Ke7 35. Kf1 h5 36. g3 Ra6 37. Ke2 Nf8 38. Nd1 Nfe6 39. Ndb2 g5 40. Nd3 Nxd3 41. Kxd3 Nc5+ 1/2-1/2

[Event "Dieren op"]
[Site "Dieren"]
[Date "2005.07.27"]
[Round "2"]
[White "Janssen, Ger"]
[Black "Sijbesma, Rienk"]
[Result "1-0"]
[WhiteElo "2236"]
[BlackElo "2104"]
[PlyCount "83"]
[EventDate "2005.07.26"]
[EventType "swiss"]
[EventRounds "9"]
[EventCountry "NED"]
[SourceTitle "CBM 107 Extra"]
[Source "ChessBase"]
[SourceDate "2005.09.01"]
[SourceVersion "1"]
[SourceVersionDate "2005.09.01"]
[SourceQuality "1"]

1. c4 Nf6 2. Nf3 c5 3. g3 d5 4. cxd5 Nxd5 5. Bg2 Nc6 6. Nc3 Nc7 7. 0-0 e5 8. Ne1 Bd7 9. Nd3 Bd6 10. Ne4 Qe7 11. f4 exf4 12. Nxd6+ Qxd6 13. Nxf4 0-0 14. e3 Ne6 15. Nd5 f6 16. b3 Rad8 17. Ba3 b5 18. Qe2 Ne5 19. d4 Ng6 20. dxc5 Qa6 21. Qb2 Ne5 22. Rad1 Rfe8 23. Bb4 Bc6 24. e4 Qb7 25. Qf2 Ra8 26. Bc3 b4 27. Nxb4 Bb5 28. Rfe1 a5 29. Nd5 Nd3 30. Rxd3 Bxd3 31. e5 Qa7 32. exf6 g6 33. Ne7+ Kf7 34. Qe3 Qxc5 35. Qxc5 Nxc5 36. Bd5+ Kf8 37. Bxa8 Rxa8 38. Re5 Nb7 39. a3 a4 40. bxa4 Rxa4 41. Bb4 Kf7 42. Nd5 1-0

[Event "Dieren op"]
[Site "Dieren"]
[Date "2002.07.16"]
[Round "7"]
[White "Janssen, Ger"]
[Black "Van Beek, Lucien"]
[Result "1/2-1/2"]
[WhiteElo "2236"]
[BlackElo "2348"]
[PlyCount "59"]
[EventDate "2002.07.09"]
[EventType "swiss"]
[EventRounds "9"]
[EventCountry "NED"]
[SourceTitle "CBM 089 Extra"]
[Source "ChessBase"]
[SourceDate "2002.09.10"]
[SourceVersion "2"]
[SourceVersionDate "2002.09.10"]
[SourceQuality "1"]

1. c4 e6 2. Nf3 Nf6 3. g3 d5 4. b3 Be7 5. Bb2 0-0 6. Bg2 c5 7. 0-0 Nc6 8. e3 b6 9. d3 Bb7 10. Qe2 Qc7 11. Nc3 Rad8 12. Rfd1 Rfe8 13. Rac1 Qb8 14. d4 cxd4 15. Nxd4 Nxd4 16. Rxd4 Ba6 17. Nb5 Bxb5 18. cxb5 Rc8 19. Rdd1 Qb7 20. Qd3 Nd7 21. Qf1 Bf6 22. Ba3 Rxc1 23. Rxc1 Rc8 24. e4 Nc5 25. exd5 exd5 26. Qd1 Qd7 27. Qxd5 Qxb5 28. Bf1 Qa5 29. Bxc5 bxc5 30. Bc4 1/2-1/2

[Event "Venlo VSV 75 A5"]
[Site "Venlo"]
[Date "2000.08.26"]
[Round "2"]
[White "Smeets, Jan"]
[Black "Janssen, Ger"]
[Result "1-0"]
[WhiteElo "2183"]
[BlackElo "2175"]
[PlyCount "79"]
[EventDate "2000.08.25"]
[EventType "tourn"]
[EventRounds "3"]
[EventCountry "NED"]
[SourceTitle "EXT 2013"]
[Source "ChessBase"]
[SourceDate "2012.11.22"]
[SourceVersion "1"]
[SourceVersionDate "2012.11.22"]
[SourceQuality "1"]

1. e4 d6 2. d4 Nf6 3. Nc3 g6 4. f4 Bg7 5. Nf3 c5 6. d5 0-0 7. Bc4 b5 8. Nxb5 Nxe4 9. 0-0 a6 10. Na3 Bg4 11. h3 Bc8 12. Re1 Nf6 13. Bd2 Nbd7 14. Qe2 Nb6 15. Ba5 Re8 16. Bb3 Bd7 17. Rad1 Qb8 18. Qf2 Qb7 19. c4 Rab8 20. Bc2 Nh5 21. b3 Qc8 22. Rf1 f5 23. g3 e6 24. dxe6 Rxe6 25. Ng5 Re7 26. Rxd6 Bd4 27. Rxd4 cxd4 28. Qxd4 Nxg3 29. Bd3 Qc6 30. Rf3 Nh5 31. Bc3 Ng7 32. c5 h6 33. Re3 Rbe8 34. Nf3 Nc8 35. Bc4+ Kh7 36. Ne5 Qc7 37. Nxg6 Bc6 38. Nxe7 Rxe7 39. Rxe7 Qxe7 40. Qxg7+ 1-0

[Event "LiSB-ch"]
[Site "Heerlen"]
[Date "1999.11.21"]
[Round "4"]
[White "Driessens, Patrick"]
[Black "Janssen, Ger"]
[Result "1-0"]
[WhiteElo "2214"]
[BlackElo "2160"]
[PlyCount "67"]
[EventDate "1999.11.20"]
[EventType "swiss"]
[EventRounds "7"]
[EventCountry "NED"]
[SourceTitle "EXT 2001"]
[Source "ChessBase"]
[SourceDate "2000.11.22"]
[SourceVersion "1"]
[SourceVersionDate "2000.11.22"]
[SourceQuality "1"]

1. d4 Nf6 2. Nf3 g6 3. c4 c5 4. d5 b5 5. cxb5 a6 6. Nc3 axb5 7. d6 exd6 8. e4 Be7 9. Bxb5 0-0 10. 0-0 Bb7 11. Re1 Na6 12. Bc4 Nc7 13. Bh6 Re8 14. Qb3 d5 15. Bxd5 Bxd5 16. exd5 d6 17. Qc4 Rb8 18. b3 Rb4 19. Qd3 Qd7 20. h3 Bf8 21. Bxf8 Kxf8 22. Rxe8+ Qxe8 23. Re1 Qa8 24. Rd1 Kg7 25. Qd2 h6 26. Qb2 Qb7 27. Nh2 Kh7 28. Nb5 Rxb5 29. Qxf6 Nxd5 30. Qxd6 Nc3 31. Re1 Rb6 32. Qf8 Ne4 33. Ng4 g5 34. f3 1-0

[Event "LiSB-ch"]
[Site "Heerlen"]
[Date "1999.11.21"]
[Round "3"]
[White "Janssen, Ger"]
[Black "Peek, Maurice"]
[Result "1-0"]
[WhiteElo "2160"]
[BlackElo "2313"]
[PlyCount "81"]
[EventDate "1999.11.20"]
[EventType "swiss"]
[EventRounds "7"]
[EventCountry "NED"]
[SourceTitle "EXT 2001"]
[Source "ChessBase"]
[SourceDate "2000.11.22"]
[SourceVersion "1"]
[SourceVersionDate "2000.11.22"]
[SourceQuality "1"]

1. c4 Nf6 2. Nc3 e6 3. e4 d5 4. e5 Ne4 5. Qc2 Nxc3 6. dxc3 d4 7. Nf3 dxc3 8. bxc3 c5 9. Bd3 Qc7 10. 0-0 Nc6 11. Re1 h6 12. h4 b6 13. Bf4 f5 14. exf6 Qxf4 15. Be4 Kd7 16. Bxc6+ Kxc6 17. Ne5+ Kc7 18. Qa4 gxf6 19. Qc6+ Kb8 20. Ng6 Qc7 21. Qxc7+ Kxc7 22. Nxh8 e5 23. Ng6 Bd6 24. h5 Bg4 25. Nh4 Bxh5 26. Nf5 Rg8 27. Kh1 Kc6 28. f3 Bf7 29. Rad1 Rd8 30. Ne3 h5 31. Nd5 f5 32. a4 Rh8 33. Re2 h4 34. Red2 Bf8 35. Ne3 f4 36. Ng4 Rh5 37. Rd8 Be7 38. R8d7 Bxc4 39. Rxe7 h3 40. Rxe5 hxg2+ 41. Kxg2 1-0